| 000 | 01416nam a2200337 i 4500 | ||
|---|---|---|---|
| 001 | 8231 | ||
| 003 | KOSZ 005 | ||
| 005 | 20200210103247.0 | ||
| 008 | 081112s1954 pl a f 001 0 pol | ||
| 015 | _aPB 1954/179 | ||
| 040 |
_aWA N _cKOSZ 005/RW _dKOSZ 005/RW |
||
| 041 | 1 |
_apol _hrus |
|
| 080 | _a621.3 | ||
| 100 | 1 |
_aKomarov, A. M. _eAutor. |
|
| 245 | 1 | 0 |
_aPoradnik dla energetyków : _bzagadnienia cieplne i obsługa elektrosiłowni / _cA. M. Komarow i W. W. Łuknicki ; tł. Wł. Czaplicki, St. Hahn, Al. Neyman. |
| 246 | 1 |
_iTyt. oryg.: _aSpravočnik dlâ teplotehnikov elektrostancii. |
|
| 260 |
_aWarszawa : _bPaństwowe Wydawnictwa Techniczne, _c1954. |
||
| 300 |
_a520 s. : _bil. ; _c17 cm. |
||
| 380 | _aKsiążki. | ||
| 504 | _aIndeks. | ||
| 521 | 8 | _aDla technicznych pracowników elektrosiłowni w zakł. energetycznych oraz pracowników biur projektów, inż. i techników energetyków oraz dla studiujących. | |
| 655 | 4 | _aPoradnik | |
| 650 | 4 | _aElektrociepłownie | |
| 700 | 1 | _aLuknickij, Vsevolod Vsevolodovič. | |
| 700 | 1 |
_aCzaplicki, Władysław. _eTł. |
|
| 700 | 1 |
_aHahn, Stanisław. _eTł. |
|
| 700 | 1 |
_aNeyman, Andrzej. _eTłumaczenie |
|
| 710 | 2 |
_aPaństwowe Wydawnictwa Techniczne _4pbl. |
|
| 856 |
_uhttp://koha.tu.koszalin.pl/cgi-bin/koha/opac-detail.pl?biblionumber=8231 _yKatalog online BPK |
||
| 942 |
_2UKD _cKS |
||
| 999 |
_c8231 _d8231 |
||